00251nam a2200097 a 4500008004100000050001700041245006200058260000900120300001500129350000900144120416s1986 xx |||||||||||||| || u aTD 796.2 Sma00aSmall-scale municipal solid waste energy recovery systems c1986 a: x, 213p. a0.00